000
00471nam a2200181Ia 4500
008
090124s9999 xx 000 0 und d
082
_b
115758
100
_a
शेंडे ना.रा.
245
_a
अन्शुजा
250
_a
1
260
_c
1974
300
_a
160
600
_a
शेंडे ना.रा.
630
_a
अन्शुजा
700
_a
शेंडे ना.रा.
730
_a
अन्शुजा
942
_c
BOOK
999
_c
161849
_d
161849